000 00475nam a2200181Ia 4500
001 9408
005 20260306161716.0
008 260306t2008||||xx |||||||||||||| ||spa||
041 _aESP
082 _a378.8
_bR19
100 _aRama Vitale, Claudio
_eAUT
245 0 _aTendencias de la educación superior en América Latina y el Caribe en el siglo XXI
260 _c2008
300 _a286 páginas :
_ccm.
650 _aGEN
654 _aCED
942 _cLIB
_dJUS
_fJUS
_2ddc
_n
999 _c9408
_d9408